00543nam a2200193Ia 4500003000400000005001700004008004100021020001800062040000700080041000800087082001900095100002200114245010000136260003100236300001200267365001700279440003300296650002000329OSt20230518164322.0210423s2000 xx 000 0 und d a0-8493-3870-0 cAL aeng a664 223bWOLC aWOLFF (Ivan A) Ed aCRC handbook of processing and utilization in agriculture V I: animal productscHANSON (A A) Ed aNew DelhibCRC Pressc2000 a648bHB b12510.5cUSD aCRC series in agriculturev1 aFood Technology